|
|
|
|
| LEADER |
01073nam a22002417a 4500 |
| 001 |
30612 |
| 003 |
BD-DhAAL |
| 005 |
20241121111656.0 |
| 008 |
160107t1986 bg ||||| |||| 00| 0 ben d |
| 040 |
|
|
|a BD-DhAAL
|c BD-DhAAL
|
| 082 |
|
|
|2 22
|a 307.1412095492
|
| 245 |
|
|
|a ব্র্যাক :
|b বাংলাদেশ রুরাল এডভান্সমেন্ট কমিটি /
|
| 260 |
|
|
|a ঢাকা :
|b ব্র্যাক,
|c ১৯৮৬.
|
| 300 |
|
|
|a পৃষ্টা :
|b চিত্র ;
|c ২২ সে. মি.
|
| 526 |
|
|
|a AAL
|
| 541 |
|
|
|a Complimentary copy from BRAC
|e 30612
|
| 610 |
|
|
|a BRAC
|9 17251
|
| 650 |
|
|
|a Rural development
|z Bangladesh.
|9 17252
|
| 710 |
|
|
|a ব্র্যাক
|9 17253
|
| 852 |
|
|
|a Ayesha Abed Library
|c BRAC Resource Section
|
| 942 |
|
|
|2 ddc
|c BK
|
| 999 |
|
|
|c 36567
|d 36567
|
| 952 |
|
|
|0 0
|1 0
|2 ddc
|4 0
|6 307_141209549200000_BRA
|7 1
|9 57547
|a BRACUL
|b BRACUL
|c BRS
|d 2016-01-07
|e Complimentary copy from BRAC
|l 0
|o 307.1412095492 BRA
|p 3010030612
|r 2016-01-07
|t 1
|w 2016-01-07
|y BK
|x Complimentary copy from BRAC; Price not available in register.
|